000 00514cam a22002052a 4500
001 000763
003 AR-FADEU
008 311216n1986####xxu####################dd
020 _a950-14-0340-8
092 _a365.647
_bE96
245 _aEXCARCELACION y eximición de prisión
260 _aBuenos Aires
260 _bDepalma
260 _c1986
300 _a80 p
440 _aTemas penales
_n1
700 _aRicardo, Levene
650 _aDERECHO PENAL; EXCARCELACION-EXIMICION DE PRISION
942 _cBDGR
999 _c6603
_d6603